000
00224 a2200097 4500
001
6792
100
_a
Gilreath
245
_a
Fundamentals concepts of Inorganic Chemsitry
260
_a
_b
Mc Graw Hill
_c
090
_c
5614
_d
5614
942
_a
NUST-CAE
_c
M
_c
32061
999
_c
241865
_d
241865